Представление документа в формате RUSMARC

ПолеНазваниеЗначение
  Тип записи c
  Библиографический уровень m
001 Контрольный номер RU/УОНБ/EK_N/411065021
005 Дата корректировки 20250520124335.1
010 Индекс ISBN __
9 Тираж 450 экз.
013 Номер (ISMN) __
d Цена 21 к.
071 Издательские номер (звукозапись и ноты) 21
a Номер, присвоенный агентством 6485
100 Данные общей обработки __
a Данные общей обработки 20130109d1971 u y0rusy0189||||ca
101 Язык документа 0_
a Язык текста rus
102 Страна публикации __
a Страна публикации RU
105 Кодированные данные (монография) __
a Кодированные данные (монография) y###||||000|y
125 Кодированные данные звукозаписи и нотных изданий __
a Форма изложения нотного текста с|
128 Кодированные данные (звукозаписи-физические характеристики) __
a Кодированные данные: Музыкальная форма и тональность или лад ccn
c Инструменты или голоса, рекомендуемые для солистов (устаревшее) vu||
c Инструменты или голоса, рекомендуемые для солистов (устаревшее) ka||
200 Заглавие и сведения об ответственности 1_
a Заглавие Бывальщины
b Общее обозначение материала [Ноты]
e Сведения, относящиеся к заглавию для голоса с фп.
f Первые сведения об ответственности А. Абрамский
210 Выходные данные 1_
a Место издания Москва
c Издательство Музыка
d Дата издания 1971
215 Физическое описание __
a Объем 16 c.
d Формат 29 см
327 Примечание о содержании 11
a Примечание о содержании Содерж. : Летел соколик ; Две малы пташки пели... / сл. В. Бутенко и Г. Георгиева ; У колыбели ; Сидит дед на меже... ; Байки-побайки ; У перелетного ясного сокола... / сл. Л. Васильевой.
464 Аналитический уровень _0
1 2001
a Летел соколик
e Как летел соколик...
1 702 1
a Бутенко
b В.
4 520
1 702 1
a Георгиев
b Г.
4 520
464 Аналитический уровень _0
1 2001
a Две малы пташки пели...
e Две малы пташки пели чуть слышно...
1 702 1
a Бутенко
b В.
4 520
1 702 1
a Георгиев
b Г.
4 520
464 Аналитический уровень _0
1 2001
a У колыбели
e А-а, белый кот...
1 702 1
a Васильева
b Л.
4 520
464 Аналитический уровень _0
1 2001
a Сидит дед на меже...
e Сидит дед на меже...
1 702 1
a Васильева
b Л.
4 520
464 Аналитический уровень _0
1 2001
a Байки-побайки
e Баю,баю, зыбаю...
1 702 1
a Васильева
b Л.
4 520
464 Аналитический уровень _0
1 2001
a У перелетного ясного сокола...
e У перелетного ясного сокола...
1 702 1
a Васильева
b Л.
4 520
500 Унифицированное заглавие 10
a Унифицированное заглавие Песни
512 Заглавие обложки 1_
a Заглавие обложки Бывальщины
606 Тематические рубрики 0_
a Основная рубрика Песни советских композиторов
610 Ключевые слова 0_
a Ключевые слова песни
610 Ключевые слова 0_
a Ключевые слова песни советских композиторов
686 Индексы других классификаций __
a Классификационный индекс 85.943.4-42-043(2)
2 Код системы rubbk
700 Автор _1
a Фамилия Абрамский
b Имя (инициалы) А. С.
g Полное личное имя Александр Савватьевич
801 Источник записи _0
a Страна RU
b Организация Ульяновская ОНБ
c Дата составления 20130109
g Правила каталогизации RCR
801 Источник записи _1
a Страна RU
b Организация Ульяновская ОНБ
c Дата составления 20130109
g Правила каталогизации RCR
901 Тип документа __
t Тип документа m
909 Создатель записи __
a Создатель записи Сергеева Н. С.
938 Служебная информация __
a Имя БД noti
b Имя библиотеки УОНБ
c Имя АИБС МАРК-SQL
d Номер DOC_ID в БД 10826